| 000 | 00401nam a22001337a 4500 | ||
|---|---|---|---|
| 020 | _a9780300167504 | ||
| 040 | _cNUST | ||
| 082 | _a551.46 FRA | ||
| 100 |
_aFarndon, John _982523 |
||
| 245 |
_aAtlas Of Oceans: _bAn Ecological Survey Of Underwater Life |
||
| 260 |
_aLondon: _bYale University Press, _c2021. |
||
| 650 |
_aOcean -- Maps. Marine ecology. Ecological surveys. _988858 |
||
| 942 |
_2ddc _cBK |
||
| 999 |
_c586467 _d586467 |
||